Fall of the Mughal Empire. (Record no. 73395)
[ view plain ]
| 000 -LEADER | |
|---|---|
| fixed length control field | 00894cam a22002891 4500 |
| 001 - CONTROL NUMBER | |
| control field | sa 67002728 |
| 003 - CONTROL NUMBER IDENTIFIER | |
| control field | DLC |
| 005 - DATE AND TIME OF LATEST TRANSACTION | |
| control field | 20260227112332.0 |
| 008 - FIXED-LENGTH DATA ELEMENTS--GENERAL INFORMATION | |
| fixed length control field | 840119m19649999ii b 000 0 eng |
| 010 ## - LIBRARY OF CONGRESS CONTROL NUMBER | |
| LC control number | sa 67002728 |
| 025 ## - OVERSEAS ACQUISITION NUMBER | |
| Overseas acquisition number | PL480:I-E-7097 |
| 035 ## - SYSTEM CONTROL NUMBER | |
| System control number | (OCoLC)10317129 |
| 040 ## - CATALOGING SOURCE | |
| Original cataloging agency | DLC |
| Transcribing agency | MiRochOU |
| Modifying agency | MiRochOU |
| -- | DLC |
| 042 ## - AUTHENTICATION CODE | |
| Authentication code | premarc |
| 043 ## - GEOGRAPHIC AREA CODE | |
| Geographic area code | a-ii--- |
| 050 00 - LIBRARY OF CONGRESS CALL NUMBER | |
| Classification number | DS461.8 |
| Item number | .S273 |
| 100 1# - MAIN ENTRY--PERSONAL NAME | |
| Personal name | Sarkar, Jadunath, |
| Titles and words associated with a name | Sir, |
| Dates associated with a name | 1870-1958. |
| 245 10 - TITLE STATEMENT | |
| Title | Fall of the Mughal Empire. |
| 250 ## - EDITION STATEMENT | |
| Edition statement | [3d ed.] |
| 260 ## - PUBLICATION, DISTRIBUTION, ETC. | |
| Place of publication, distribution, etc. | Calcutta, |
| Name of publisher, distributor, etc. | M. C. Sarkar, |
| Date of publication, distribution, etc. | [1964- |
| 300 ## - PHYSICAL DESCRIPTION | |
| Extent | 4 v. |
| Dimensions | 22 cm. |
| 504 ## - BIBLIOGRAPHY, ETC. NOTE | |
| Bibliography, etc. note | Bibliography: v. 1, p. [ix]-x; v. 2, p. [399]-[400]; v. 3, p. [326] |
| 505 0# - FORMATTED CONTENTS NOTE | |
| Formatted contents note | v. 1. 1739-1754.--v. 2. 1754-1771 (Panipat).--v. 3. 1771-1788. --v. 4. 1789-1803. |
| 651 #0 - SUBJECT ADDED ENTRY--GEOGRAPHIC NAME | |
| Geographic name | Mogul Empire |
| General subdivision | History. |
| 651 #0 - SUBJECT ADDED ENTRY--GEOGRAPHIC NAME | |
| Geographic name | India |
| General subdivision | History |
| Chronological subdivision | 18th century. |
| 740 4# - ADDED ENTRY--UNCONTROLLED RELATED/ANALYTICAL TITLE | |
| Uncontrolled related/analytical title | The Mughal empire. |
No items available.